[Event "London Classic op U1750 11th"]
[Site "London"]
[Date "2019.12.05"]
[Round "4"]
[White "Shek, Daniel"]
[Black "Piecha, Lukasz Marek"]
[Result "1/2-1/2"]
[WhiteElo "1534"]
[BlackElo "1637"]
[PlyCount "88"]
[EventDate "2019.12.02"]
[EventType "swiss"]
[EventRounds "5"]
[EventCountry "ENG"]
[SourceTitle "CBM 195 Extra"]
[Source "ChessBase"]
[SourceDate "2020.05.31"]
[SourceVersion "1"]
[SourceVersionDate "2020.05.31"]
[SourceQuality "1"]

1. d4 d5 2. c4 e6 3. Nf3 Nf6 4. g3 Nbd7 5. Bg2 Rb8 6. cxd5 Nxd5 7. e4 N5f6 8. Nc3 b5 9. e5 Nd5 10. Nxd5 exd5 11. 0-0 Be7 12. Ne1 Bb7 13. f4 0-0 14. f5 c5 15. Be3 cxd4 16. Bxd4 Bc5 17. Bxc5 Nxc5 18. f6 Ne4 19. fxg7 Qb6+ 20. Kh1 Kxg7 21. Qg4+ Qg6 22. Qxg6+ hxg6 23. Bxe4 dxe4 24. Ng2 Rfe8 25. Rac1 Rbc8 26. Rxc8 Rxc8 27. Ne3 Rc5 28. e6 f5 29. Rd1 Bc6 30. Rd7+ Kf6 31. Rxa7 Kxe6 32. Rg7 Kf6 33. Rc7 g5 34. Nd5+ Ke6 35. Nb4 Kd6 36. Rxc6+ Rxc6 37. Nxc6 Kxc6 38. Kg2 g4 39. Kf2 Kc5 40. Ke3 Kc4 41. Ke2 Kd4 42. Kd2 Kc4 43. Ke2 Kd5 44. Ke3 Kc4 1/2-1/2

[Event "London Classic op U1825 11th"]
[Site "London"]
[Date "2019.11.30"]
[Round "3"]
[White "Fernando, Manel"]
[Black "Piecha, Lukasz Marek"]
[Result "0-1"]
[WhiteElo "1476"]
[BlackElo "1637"]
[PlyCount "80"]
[EventDate "2019.11.29"]
[EventType "swiss"]
[EventRounds "5"]
[EventCountry "ENG"]
[SourceTitle "CBM 195 Extra"]
[Source "ChessBase"]
[SourceDate "2020.05.31"]
[SourceVersion "1"]
[SourceVersionDate "2020.05.31"]
[SourceQuality "1"]

1. d4 f5 2. Nf3 Nf6 3. Bf4 e6 4. h3 Be7 5. e3 0-0 6. Nbd2 Ne4 7. Bd3 d5 8. Qe2 c5 9. c3 Nd7 10. 0-0 Qe8 11. Ne5 g5 12. Bh2 c4 13. Bc2 Rf6 14. Nxe4 fxe4 15. f3 Qh5 16. Ng4 Rf7 17. fxe4 Rg7 18. Nf6+ Nxf6 19. Qxh5 Nxh5 20. exd5 exd5 21. e4 Nf4 22. exd5 Nxd5 23. Rae1 g4 24. hxg4 Bxg4 25. Re5 Nf6 26. Rfe1 Bd6 27. R5e3 Bxh2+ 28. Kxh2 Bd7 29. Kg1 Bc6 30. R1e2 Rf8 31. Re7 Rxe7 32. Rxe7 Rf7 33. Re5 Rg7 34. Re2 Nh5 35. Rd2 Nf4 36. Bf5 Bxg2 37. Kf2 Bd5 38. Ke3 Ng2+ 39. Ke2 Re7+ 40. Kf2 Rf7 0-1

[Event "London Chess Classic op 10th"]
[Site "London"]
[Date "2018.12.10"]
[Round "2"]
[White "Gunn, Michael J"]
[Black "Piecha, Lukasz Marek"]
[Result "1/2-1/2"]
[WhiteElo "1577"]
[BlackElo "1729"]
[PlyCount "127"]
[EventDate "2018.12.09"]
[EventType "swiss"]
[EventRounds "5"]
[EventCountry "ENG"]
[SourceTitle "EXT 2021"]
[Source "ChessBase"]
[SourceDate "2020.10.23"]
[SourceVersion "1"]
[SourceVersionDate "2020.10.23"]
[SourceQuality "1"]

1. e4 c5 2. c3 d5 3. exd5 Qxd5 4. d4 cxd4 5. cxd4 Nc6 6. Nf3 Bg4 7. Nc3 Qa5 8. Be2 g6 9. 0-0 Bg7 10. d5 Nb8 11. Bd2 Qd8 12. Qa4+ Bd7 13. Qb3 Qb6 14. Be3 Qxb3 15. axb3 a6 16. Rfd1 Nf6 17. Na4 Bxa4 18. Rxa4 0-0 19. Bc5 Re8 20. Rd2 Nbd7 21. Ba3 Rac8 22. Rd1 Nc5 23. Rc4 Nfd7 24. b4 Na4 25. Rxc8 Rxc8 26. b5 Nxb2 27. Bxb2 Bxb2 28. bxa6 bxa6 29. Bxa6 Rc1 30. Rxc1 Bxc1 31. Bb5 Nb6 32. Bc6 Bb2 33. Kf1 Kg7 34. Ke2 Kf6 35. g4 Nc4 36. h3 Nd6 37. Kd3 h6 38. Ba8 Ba3 39. Bc6 Bc5 40. Ke2 Ne4 41. d6 Nxd6 42. Nd2 Ke5 43. Kf3 f6 44. Kg3 g5 45. Nf3+ Ke6 46. Nd2 Nf7 47. Nc4 Bd6+ 48. Kf3 Bf4 49. Ke4 Nd6+ 50. Nxd6 Kxd6 51. Ba8 e6 52. f3 Kc5 53. Kd3 f5 54. Bb7 fxg4 55. fxg4 e5 56. Be4 Kb4 57. Bd5 Ka3 58. Bf3 Kb2 59. Be2 Kc1 60. Bf3 e4+ 61. Kxe4 Kd2 62. Kf5 Ke3 63. Bc6 Kf2 64. Bb5 1/2-1/2

[Event "London Chess Classic op 10th"]
[Site "London"]
[Date "2018.12.09"]
[Round "1"]
[White "Piecha, Lukasz Marek"]
[Black "Kirkland, Arnold G"]
[Result "1/2-1/2"]
[WhiteElo "1729"]
[BlackElo "1482"]
[PlyCount "106"]
[EventDate "2018.12.09"]
[EventType "swiss"]
[EventRounds "5"]
[EventCountry "ENG"]
[SourceTitle "EXT 2021"]
[Source "ChessBase"]
[SourceDate "2020.10.23"]
[SourceVersion "1"]
[SourceVersionDate "2020.10.23"]
[SourceQuality "1"]

1. d4 Nf6 2. c4 e6 3. Nc3 d5 4. Nf3 Be7 5. e3 0-0 6. Bd3 dxc4 7. Bxc4 Nbd7 8. 0-0 c5 9. b3 cxd4 10. Nxd4 Ne5 11. Be2 Bd7 12. Bb2 Rc8 13. Rc1 a6 14. h3 Nc6 15. Bf3 Nxd4 16. Qxd4 Bc6 17. Qxd8 Rfxd8 18. Bxc6 Rxc6 19. Rfd1 Rxd1+ 20. Rxd1 Rd6 21. Rxd6 Bxd6 22. Kf1 Kf8 23. g3 Ke7 24. Ke2 Be5 25. Nd5+ Nxd5 26. Bxe5 f6 27. Bb2 Kd6 28. e4 Nb6 29. g4 Nd7 30. f4 g6 31. Ke3 b5 32. Ba3+ Kc6 33. Be7 f5 34. Kd4 a5 35. e5 Nb6 36. gxf5 gxf5 37. h4 Nd5 38. Bg5 h5 39. a3 a4 40. bxa4 bxa4 41. Kc4 Kb6 42. Kd3 Kb5 43. Bh6 Kc5 44. Bg5 Kb5 45. Kd4 Kb6 46. Kc4 Kc6 47. Bh6 Kb6 48. Bg5 Kc6 49. Kd4 Kb5 50. Bh6 Kb6 51. Kc4 Kc6 52. Bg5 Kb6 53. Bd8+ Kc6 1/2-1/2

[Event "Basingstoke Spring Bank op U1825"]
[Site "Basingstoke"]
[Date "2018.05.28"]
[Round "6.7"]
[White "Piecha, Lukasz Marek"]
[Black "Winter, Kevin"]
[Result "1-0"]
[WhiteElo "1774"]
[BlackElo "1755"]
[PlyCount "69"]
[EventDate "2018.05.25"]
[EventType "swiss"]
[EventRounds "7"]
[EventCountry "ENG"]
[SourceTitle "EXT 2023"]
[Source "ChessBase"]
[SourceDate "2022.10.05"]
[SourceVersion "1"]
[SourceVersionDate "2022.10.05"]
[SourceQuality "1"]

1. d4 d6 2. c4 Nf6 3. Nc3 g6 4. e4 Bg7 5. Nf3 0-0 6. Be2 e5 7. d5 a5 8. 0-0 Na6 9. Be3 Ng4 10. a3 Nxe3 11. fxe3 Bh6 12. Qd2 Nc5 13. Bd1 f5 14. Bc2 f4 15. exf4 Bxf4 16. Qe2 Bg4 17. h3 Bd7 18. Rae1 Bg3 19. Rd1 Qe7 20. b4 axb4 21. axb4 Na6 22. Rb1 g5 23. Nh2 Qg7 24. Ng4 h5 25. Ne3 Bf4 26. Nf5 Bxf5 27. exf5 g4 28. Kh1 Rae8 29. Ne4 g3 30. Qxh5 Rb8 31. f6 Qf7 32. Qg4+ Kh8 33. Nxg3 Bxg3 34. Rf5 Qxf6 35. Rh5+ 1-0

[Event "Basingstoke Spring Bank op U1825"]
[Site "Basingstoke"]
[Date "2018.05.25"]
[Round "1.7"]
[White "Sartain, Patrick"]
[Black "Piecha, Lukasz Marek"]
[Result "1-0"]
[WhiteElo "1541"]
[BlackElo "1774"]
[PlyCount "47"]
[EventDate "2018.05.25"]
[EventType "swiss"]
[EventRounds "7"]
[EventCountry "ENG"]
[SourceTitle "EXT 2023"]
[Source "ChessBase"]
[SourceDate "2022.10.05"]
[SourceVersion "1"]
[SourceVersionDate "2022.10.05"]
[SourceQuality "1"]

1. e4 c5 2. f4 g6 3. Nf3 Bg7 4. c3 Nc6 5. Bc4 e6 6. e5 Nge7 7. 0-0 0-0 8. d4 cxd4 9. cxd4 Nf5 10. Nc3 Qb6 11. Ne2 f6 12. Kh1 fxe5 13. fxe5 d6 14. Bf4 dxe5 15. dxe5 Ne3 16. Bxe3 Qxe3 17. Qd6 Bxe5 18. Nxe5 Rd8 19. Bxe6+ Kg7 20. Rf7+ Kh6 21. Ng4+ Kh5 22. h4 Kxh4 23. Qh2+ Kg5 24. Qh6# 1-0

[Event "Wakefield 4NCL op-B 14th"]
[Site "Wokefield"]
[Date "2017.07.16"]
[Round "4"]
[White "Piecha, Lukasz Marek"]
[Black "David, Ivan"]
[Result "1/2-1/2"]
[WhiteElo "1752"]
[BlackElo "1887"]
[PlyCount "90"]
[EventDate "2017.07.14"]
[EventType "swiss"]
[EventRounds "5"]
[EventCountry "ENG"]
[SourceTitle "EXT 2018"]
[Source "ChessBase"]
[SourceDate "2017.10.13"]
[SourceVersion "1"]
[SourceVersionDate "2017.10.13"]
[SourceQuality "1"]

1. d4 d6 2. c4 e5 3. d5 f5 4. Nf3 Nf6 5. e3 g6 6. Be2 Bg7 7. 0-0 0-0 8. Nc3 a5 9. Bd2 Na6 10. a3 Bd7 11. Rb1 Nc5 12. b4 axb4 13. axb4 Nce4 14. Nxe4 Nxe4 15. Be1 g5 16. Bd3 g4 17. Bxe4 gxf3 18. Bxf3 e4 19. Be2 Ra3 20. c5 Qg5 21. c6 bxc6 22. dxc6 Bc8 23. Qc1 Ra8 24. Bc3 Be5 25. Bxe5 dxe5 26. Qc3 Qf6 27. f4 exf4 28. Qxf6 Rxf6 29. Rxf4 Rxc6 30. Rb2 Be6 31. Kf2 Ra3 32. g4 Rcc3 33. gxf5 Bd5 34. Rd2 c6 35. Rg4+ Kf7 36. b5 Kf6 37. bxc6 Bxc6 38. Rd6+ Kxf5 39. Rh4 Ke5 40. Rdh6 Bd7 41. R4h5+ Bf5 42. Rxh7 Rc2 43. Rf7 Raa2 44. Rhxf5+ Ke6 45. R7f6+ Ke7 1/2-1/2

[Event "Wakefield 4NCL op-B 14th"]
[Site "Wokefield"]
[Date "2017.07.14"]
[Round "1"]
[White "Stimpson, Philip M"]
[Black "Piecha, Lukasz Marek"]
[Result "1-0"]
[WhiteElo "1937"]
[BlackElo "1752"]
[PlyCount "33"]
[EventDate "2017.07.14"]
[EventType "swiss"]
[EventRounds "5"]
[EventCountry "ENG"]
[SourceTitle "EXT 2018"]
[Source "ChessBase"]
[SourceDate "2017.10.13"]
[SourceVersion "1"]
[SourceVersionDate "2017.10.13"]
[SourceQuality "1"]

1. e4 c5 2. Nc3 g6 3. f4 Bg7 4. Nf3 Nc6 5. Bb5 a6 6. Bxc6 bxc6 7. d3 d5 8. 0-0 Bg4 9. Qe1 e6 10. Ne5 Bxe5 11. fxe5 g5 12. Qg3 Nh6 13. Rf6 Ng8 14. Bxg5 h6 15. Rxe6+ Bxe6 16. Bxd8 Rxd8 17. Qg7 1-0